000
00311nam a22001217a 4500
008
180201b xxu||||| |||| 00| 0 eng d
041
_a
eng
080
_a
37
100
_a
40
101
_a
EDU
245
_a
CHAMPS A PROACTIVE AND POSITIVE APPROACHH TO CLASSROOM MANAGEMENT
_c
RANDALL.S
942
_2
udc
_c
BK
999
_c
41468
_d
41468